Nommez les livres bibliques de l'Ancien Testament - Quiz biblique - Statistiques

Statistiques générales
  • Ce quiz a été pris 103 fois
  • Le résultat moyen est 20 sur 39
Statistiques - réponses
Réponse % Correct
Genèse
100%
Exode
93%
Nombres
84%
Deutéronome
81%
Lévitique
79%
Psaumes
78%
Esther
65%
Job
65%
Proverbes
65%
Cantique
60%
Ruth
60%
1 Samuel
56%
2 Samuel
56%
1 Rois
54%
2 Rois
54%
Jérémie
54%
Daniel
53%
Josué
53%
Ésaïe
51%
1 Chroniques
47%
2 Chroniques
47%
Ecclésiaste
47%
Ézéchiel
47%
Juges
47%
Zacharie
47%
Malachie
43%
Jonas
40%
Amos
38%
Esdras
38%
Osée
38%
Sophonie
37%
Néhémie
35%
Abdias
34%
Michée
34%
Joël
32%
Nahum
32%
Habakuk
24%
Lamentations de Jérémie
24%
Aggée
21%
Aucun quiz correspondant
Distribution des résultats
% des personnes avec chaque résultat
Percentile par nombre de réponses
Votre historique - résultats
Vous n’avez pas pris ce quiz